[Event "FRA-ch U14 Girls"]
[Site "La Roche sur Yon"]
[Date "2008.04.25"]
[Round "7"]
[White "Andre, Severine"]
[Black "Monpeurt, Cyrielle"]
[Result "1/2-1/2"]
[WhiteElo "1733"]
[BlackElo "1734"]
[PlyCount "126"]
[EventDate "2008.04.21"]
[EventType "swiss"]
[EventRounds "9"]
[EventCountry "FRA"]
[SourceTitle "EXT 2010"]
[Source "ChessBase"]
[SourceDate "2010.11.25"]
[SourceVersion "1"]
[SourceVersionDate "2010.11.25"]
[SourceQuality "1"]

1. e4 e5 2. Nc3 Nf6 3. f4 d5 4. fxe5 Nxe4 5. Nf3 Bb4 6. Qe2 Nxc3 7. bxc3 Be7 8. d4 0-0 9. Qf2 Bf5 10. Bd3 Bg6 11. 0-0 Nc6 12. Qe2 Qd7 13. Bb2 Bh5 14. a3 a6 15. c4 dxc4 16. Bxc4 Bxf3 17. Qxf3 Nxd4 18. Bxf7+ Kh8 19. Qh5 Bc5 20. Kh1 Qc6 21. e6 Qb5 22. e7 Qxb2 23. exf8Q+ Bxf8 24. Be8 Bxa3 25. Qf7 h6 26. Rxa3 Qxa3 27. Qf8+ Qxf8 28. Rxf8+ Kh7 29. Bg6+ Kxg6 30. Rxa8 Nxc2 31. Ra7 b5 32. Rxa6+ Kf5 33. Rc6 Nd4 34. Rxc7 b4 35. Rc4 Ke5 36. Rxb4 g5 37. g3 h5 38. Kg2 Ke4 39. Rb6 Nf5 40. Rb5 h4 41. Rb4+ Ke5 42. Kf3 hxg3 43. hxg3 Nh6 44. Rb5+ Kf6 45. Rb6+ Kg7 46. Ke4 g4 47. Kf4 Kh7 48. Kg5 Nf7+ 49. Kxg4 Ne5+ 50. Kf5 Nf7 51. Rb7 Kg8 52. Kf6 Nd6 53. Re7 Nc4 54. g4 Nb6 55. Ke6 Nc4 56. Kd5 Nb6+ 57. Kc6 Nc4 58. g5 Nd2 59. g6 Nf3 60. Re4 Kg7 61. Re3 Nh4 62. Rg3 Nxg6 63. Kd6 Kf7 1/2-1/2

[Event "FRA-chT3 Gr01 0607"]
[Site "France"]
[Date "2006.12.10"]
[Round "4.8"]
[White "Martinez, Carole"]
[Black "Andre, Severine"]
[Result "1/2-1/2"]
[WhiteElo "1540"]
[BlackElo "1630"]
[PlyCount "117"]
[EventDate "2006.10.15"]
[EventType "team-tourn"]
[EventRounds "9"]
[EventCountry "FRA"]
[SourceTitle "EXT 2008"]
[Source "ChessBase"]
[SourceDate "2007.11.25"]
[SourceVersion "1"]
[SourceVersionDate "2007.11.25"]
[SourceQuality "1"]

1. e4 c5 2. Nc3 e6 3. Nf3 Nc6 4. g3 a6 5. Bg2 Qc7 6. d3 Nf6 7. Bd2 Be7 8. 0-0 0-0 9. Bg5 Rd8 10. Re1 d5 11. exd5 exd5 12. Qe2 Be6 13. Rad1 d4 14. Nb1 Bxa2 15. b3 Bxb1 16. Rxb1 Rab8 17. Nd2 Nd5 18. Bxd5 Bxg5 19. Bxc6 Qxc6 20. Ne4 Bf6 21. Qh5 Rdc8 22. Re2 h6 23. Rbe1 b5 24. Qf3 Kf8 25. Qf4 a5 26. Qf5 Kg8 27. Qf4 a4 28. Nxf6+ Qxf6 29. Qxf6 gxf6 30. bxa4 bxa4 31. Ra1 Ra8 32. Ra3 Kf8 33. Kg2 c4 34. Rd2 cxd3 35. Rdxd3 Rc3 36. Kf3 Ke7 37. Ke4 Rxc2 38. f4 Rxh2 39. Rxd4 Rh3 40. Kf5 Ra5+ 41. Kg4 Rh2 42. Raxa4 h5+ 43. Kf3 Rxa4 44. Rxa4 Ke6 45. Ra5 f5 46. Ra6+ Kd7 47. Ra5 Ke6 48. Ra6+ Ke7 49. Ra5 Kf6 50. Ra6+ Kg7 51. Ra7 Kg6 52. Ra8 f6 53. Ra7 Kh6 54. Ra6 Kg6 55. Ra8 Kg7 56. Ra7+ Kg6 57. Ra8 Kg7 58. Ra7+ Kg6 59. Ra8 1/2-1/2

[Event "FRA-ch U12 Girls"]
[Site "Aix les Bains"]
[Date "2006.??.??"]
[Round "5"]
[White "Neuhauser, Salome"]
[Black "Andre, Severine"]
[Result "1-0"]
[WhiteElo "1798"]
[BlackElo "1540"]
[PlyCount "109"]
[EventDate "2006.04.16"]
[EventType "swiss"]
[EventRounds "9"]
[EventCountry "FRA"]
[SourceTitle "EXT 2007"]
[Source "ChessBase"]
[SourceDate "2006.11.23"]
[SourceVersion "1"]
[SourceVersionDate "2006.11.23"]
[SourceQuality "1"]

1. e4 d6 2. d4 Nf6 3. Nc3 e5 4. dxe5 dxe5 5. Qxd8+ Kxd8 6. Nf3 Bd6 7. Bg5 Be6 8. Rd1 Kc8 9. Bd3 Nbd7 10. a3 a6 11. 0-0 h6 12. Bxf6 Nxf6 13. Nd2 Rd8 14. Bc4 Re8 15. Bxe6+ Rxe6 16. Nc4 Ne8 17. Rd3 b6 18. Rfd1 Kb7 19. Nd5 Rd8 20. Rb3 Bc5 21. Rdd3 b5 22. Na5+ Kc8 23. Rbc3 Bd4 24. Rc6 Rxc6 25. Nxc6 Rd6 26. Nxd4 exd4 27. Rxd4 Kb8 28. Rd3 Re6 29. f3 Nd6 30. Nb4 Kb7 31. Rc3 Nc4 32. Nd3 Kb6 33. a4 Na5 34. b4 Nc4 35. a5+ Ka7 36. Nc5 Rd6 37. Rd3 Rxd3 38. cxd3 Ne3 39. d4 Nc2 40. d5 Nxb4 41. Kf2 Nc2 42. Ke2 Na3 43. e5 Nc4 44. e6 fxe6 45. dxe6 Nd6 46. e7 Ne8 47. Kd3 Kb8 48. Nd7+ Kb7 49. Nc5+ Ka7 50. g4 c6 51. f4 g6 52. f5 gxf5 53. gxf5 Nf6 54. Ne4 Nxe4 55. Kxe4 1-0

[Event "FRA-ch U10 Girls"]
[Site "Calvi"]
[Date "2005.04.21"]
[Round "6"]
[White "Eid, Maha"]
[Black "Andre, Severine"]
[Result "1/2-1/2"]
[WhiteElo "1640"]
[BlackElo "1610"]
[PlyCount "73"]
[EventDate "2005.04.??"]
[EventType "swiss"]
[EventRounds "9"]
[EventCountry "FRA"]
[SourceTitle "EXT 2006"]
[Source "ChessBase"]
[SourceDate "2005.11.24"]
[SourceVersion "1"]
[SourceVersionDate "2005.11.24"]
[SourceQuality "1"]

1. d4 Nf6 2. Nc3 g6 3. e4 Bg7 4. Bg5 0-0 5. Nf3 d6 6. e5 Nh5 7. exd6 cxd6 8. Bc4 Qc7 9. Bb3 e5 10. Nd5 Qa5+ 11. c3 Nc6 12. dxe5 dxe5 13. 0-0 Be6 14. Ne7+ Nxe7 15. Bxe7 Rfe8 16. Bb4 Qc7 17. Ng5 Bxb3 18. Qxb3 Rad8 19. Rfd1 h6 20. Ne4 Nf4 21. Bd6 Qc6 22. Qb4 a5 23. Qc5 Qxe4 24. f3 Qe2 25. Qf2 Qxf2+ 26. Kxf2 f5 27. Bc7 Rxd1 28. Rxd1 e4 29. Bxf4 g5 30. Bc7 e3+ 31. Ke2 a4 32. Rd3 f4 33. g3 Rf8 34. gxf4 gxf4 35. Rd6 Rf5 36. Rg6 h5 37. Bd8 1/2-1/2